000 02540cam a22002891i 4500
003 SA-RiAUC
005 20250209101255.0
008 250209s1963 ua g d 000 0 ara c
040 _aSA-MuMU
_bara
_cSA-RiAUC
_erda
041 1 _aara
_hund
082 0 4 _a413
090 _a413
_b ت هـ ا
100 1 _aالتهانوي، محمد بن علي بن محمد،
_dتوفي بعد 1158 هجري
_eمؤلف.
245 1 0 _aكشاف اصطلاحات الفنون /
_cتأليف محمد علي الفاروقي التهانوي ؛ ترجمة عبد المنعم محمد حسين ؛ تحقيق لطفي عبد البديع.
264 1 _aالقاهرة :
_bمكتبة النهضة المصرية،
_c1963
300 _a4 مجلد في 2؛
_c24 سم.
336 _aنص
_btxt
_2rdacontent
_3كتاب
337 _aبدون وسيط
_bn
_2rdamedia
338 _aمجلد
_bnc
_2rdacarrier
650 7 _aاللغة العربية
_vمعاجم
_2aucsh
700 1 _aحسين، عبد المنعم محمد،
_d1944-
_eمترجم.
700 1 _aعبد البديع، لطفي
_eمحقق.
856 _uhttp://dlib.nyu.edu/aco/book/columbia_aco001670/1?lang=ar
_yDigital Copy
_2 نرجو الانتباه لإمكانية وجود اختلاف في الطبعة أو الناشر بين البيانات على البوابة وما ستجده على الكتاب نظرا لمحدودية المعلومات المتاحة على الموقع الناشر للمادة.
_3Please note that there may be a difference in the edition or publisher between the data on the portal and the book due to the limited information available on the publisher website for the material.
856 _uhttp://dl-img.home.nyu.edu/adore-djatoka/resolver?url_ver=Z39.88-2004&svc_id=info%3Alanl-repo/svc/getRegion&svc_val_fmt=info%3Aofi/fmt%3Akev%3Amtx%3Ajpeg2000&svc.format=image/jpeg&rft_id=http%3A//dlib.nyu.edu/files/books/columbia_aco001670/columbia_aco001670_afr01_d.jp2&svc.scale=230
_yCoverImage
_2 نرجو الانتباه لإمكانية وجود اختلاف في الطبعة أو الناشر بين البيانات على البوابة وما ستجده على الكتاب نظرا لمحدودية المعلومات المتاحة على الموقع الناشر للمادة.
_3Please note that there may be a difference in the edition or publisher between the data on the portal and the book due to the limited information available on the publisher website for the material.
942 _2ddc
_cBOOK
_n0
949 _aSA-JeALM
_d250209
_ueid123
_n1
999 _c5755
_d5755